Biggest cities in Denmark (50k) - Statistics

General Stats
  • This quiz has been taken 131 times
  • The average score is 7 of 15
Answer Stats
Population Answer % Correct
623.404 Copenhagen
100%
273.077 Aarhus
91%
114.194 Aalborg
88%
178.210 Odense
81%
72,398 Esbjerg
69%
62,687 Randers
54%
50,781 Roskilde
49%
58,646 Horsens
46%
56,567 Vejle
41%
60,508 Kolding
35%
103.960 Frederiksberg
15%
53.416 Hvidovre
10%
75.176 Gentofte
7%
69.681 Gladsaxe
6%
55.770 Lyngby-Taarbæk
4%
No matching quizzes found
Score Distribution
Percent of People with Each Score
Percentile by Number Answered
Your Score History
You have not taken this quiz